000 00323nam a22001337a 4500
008 190222b xxu||||| |||| 00| 0 eng d
020 _a9780555037072
041 _aeng
080 _a510
100 _a36
101 _aMAT
245 _aElementary and Intermediate Algebra. Graphs and Models
_cBittinger
942 _2udc
_cBK
999 _c54129
_d54129